| Tag |
First Indicator |
Second Indicator |
Subfields |
| LEADER |
00000pam a2200000 a 4500 |
| 001 |
in00000092102 |
| 005 |
20151008064150.0 |
| 008 |
810112s1981 nyuaf 00110 engm |
| 010 |
|
|
|a 80029635
|
| 020 |
|
|
|a 0834801612
|
| 035 |
|
|
|a (OCoLC)07196765
|
| 035 |
|
|
|9 AAK3658AM
|
| 039 |
0 |
|
|a 2
|b 3
|c 3
|d 3
|e 3
|
| 040 |
|
|
|a DLC
|c DLC
|d m.c.
|d TXA
|d UtOrBLW
|
| 043 |
|
|
|a a-ja---
|
| 049 |
|
|
|a TXAM
|c [1361948]
|
| 050 |
0 |
0 |
|a PN2921
|b .I67 1981
|
| 082 |
0 |
|
|a 792/.0952
|2 19
|
| 100 |
1 |
|
|a Inoura, Yoshinobu,
|d 1914-
|
| 245 |
1 |
4 |
|a The traditional theater of Japan /
|c by Yoshinobu Inoura and Toshio Kawatake.
|
| 250 |
|
|
|a 1st one-volume ed.
|
| 264 |
|
1 |
|a New York :
|b Weatherhill in collaboration with the Japan Foundation,
|c 1981.
|
| 300 |
|
|
|a viii, 259 pages, 48 unnumbered pages of plates :
|b illustrations ;
|c 24 cm.
|
| 336 |
|
|
|a text
|b txt
|2 rdacontent
|
| 337 |
|
|
|a unmediated
|b n
|2 rdamedia
|
| 338 |
|
|
|a volume
|b nc
|2 rdacarrier
|
| 500 |
|
|
|a Originally published in 1971 in 2 separate volumes: A history of Japanese theater 1: Noh and KYogen and A history of Japanese theater 2: Bunraku and Kabuki.
|
| 500 |
|
|
|a Includes index.
|
| 650 |
|
0 |
|a Theater
|z Japan
|x History.
|
| 700 |
1 |
|
|a Kawatake, Toshio,
|d 1924-2013.
|
| 999 |
|
|
|a MARS
|
| 999 |
f |
f |
|s 30faf39e-95a4-3679-b9bc-a18787348847
|i 00c86d52-7fab-3659-94db-5b3ebce82ca8
|t 0
|
| 952 |
f |
f |
|p normal
|a Texas A&M University
|b College Station
|c Sterling C. Evans Library
|d Evans: Library Stacks
|t 0
|e PN2921 .I67 1981
|h Library of Congress classification
|i unmediated -- volume
|m A14806178751
|
| 998 |
f |
f |
|a PN2921 .I67 1981
|t 0
|l Evans: Library Stacks
|